000 00854nam a2200253 a 4500
001 000017816
005 20240502094959.0
008 100406s2002 cu a 001 0dspa d
020 _a9590605087
040 _aDO-SdBNP
082 _a972.91
_bF634y
100 1 _aFlórez Ibarra, Fernando
_938712
245 1 0 _aYo fui enemigo de Fidel /
_cFernando Flórez Ibarra.
260 _aLa Habana :
_bCiencias Sociales,
_c2002.
300 _a174 p. :
_bil. ;
_c22 cm.
500 _aIncluye datos biográficos del autor en la contraportada.
504 _aIncluye bibliografía y notas al pie de páginas.
600 1 0 _aCastro, Fidel
_d 1926-2016
_916971
651 4 _aCuba
_xHistoria
_y1933-1959
_911375
651 4 _aCuba
_xHistoria
_y1959-1990
_95937
651 4 _aCuba
_xHistoria
_y1990-
_913872
910 _aValidado. Control de calidad EMS.
049 _aBNPD
999 _c17340
_d17340